Biggest Cities in San Marino on a Map - Statistics

General Stats
  • This quiz has been taken 188 times
  • The average score is 2 of 5
Answers on the Map
Answers color-coded by a green-red scale on the quiz's map according to % correct below.
 
Answer Stats
Population City / Town % Correct
2,294 San Marino
100%
4,802 Serravalle / Dogana
55%
2,394 Borgo Maggiore
33%
1,048 Domagnano
29%
1,549 Murata
10%
No matching quizzes found
Score Distribution
Percent of People with Each Score
Percentile by Number Answered
Your Score History
You have not taken this quiz